405 - Gracie Abrams - Statistics

General Stats
  • This quiz has been taken 52 times
  • The average score is 248 of 284
Answer Stats
Hint Answer % Correct
405
100%
a
100%
Verse 1 I,
100%
I
100%
the
100%
to
100%
took
100%
an
96%
drove
96%
it
96%
it's
96%
you
96%
Chorus You
96%
and
92%
forget
92%
hour
92%
how
92%
hundred
92%
like
92%
me
92%
miles
92%
of
92%
so
92%
when
92%
could
88%
my
88%
needed
88%
that
88%
all
85%
almost
85%
at
85%
away
85%
easy
85%
go
85%
half
85%
leave
85%
let
85%
night
85%
walk
85%
we
85%
were
85%
back
81%
'cause
81%
i'm
81%
i'm,
81%
light
81%
traffic
81%
your
81%
down
77%
down,
77%
hell
77%
how'd
77%
last
77%
now
77%
speaking
77%
think
77%
while
77%
barely
73%
crying
73%
cut
73%
fact
73%
family
73%
hair
73%
miss
73%
Bridge Tell
73%
why
73%
around
69%
blew
69%
even
69%
hate
69%
if
69%
look
69%
Verse 2 Please
69%
recognize
69%
regret
69%
through
69%
won't
69%
you've
69%
appetite
65%
consumed
65%
didn't
65%
forgot
65%
getting
65%
harder
65%
mind
65%
nights
65%
overnight
65%
slipped
65%
would
65%
embarrassing
62%
hide
62%
lost
62%
try
62%
head
58%
tonight
58%
unrequited
58%
know
54%
No matching quizzes found
Score Distribution
Percent of People with Each Score
Percentile by Number Answered
Your Score History
You have not taken this quiz